000 01995naa a2200277 4500
005 20110725140925.0
010 _aB-441380-386
020 _a9788171676972
_c95.00
035 _aB-441380-386
037 _bRupa
082 _a155.9042
245 1 _aStress management /
_ccomplied by Ajanta Chakarvarty
260 _aNew Delhi
_bRupa
_c2002
270 _bNew Delhi
_a7/16, Ansari Raod, Daryaganj,
_e110002
300 _a64p.
_c16cm(Hb)
700 _aChakarvarty, Ajanta
_930022
942 _adpl
_cEN
_2ddc
_mSTR
_h155.9042
999 _c54314
_d54314